Eco-economics (Record no. 74599)

MARC details
000 -LEADER
fixed length control field 01020cab a2200253 4500
001 - CONTROL NUMBER
control field ABS68414
008 - FIXED-LENGTH DATA ELEMENTS--GENERAL INFORMATION
fixed length control field 041115n2004 000 0 eng u
035 ## - SYSTEM CONTROL NUMBER
System control number (Sirsi) u127954
100 ## - MAIN ENTRY--PERSONAL NAME
Personal name Palmer, T.
245 ## - TITLE STATEMENT
Title Eco-economics
260 ## - PUBLICATION, DISTRIBUTION, ETC.
Date of publication, distribution, etc. 2004
490 ## - SERIES STATEMENT
Series statement House Builder
Volume/sequential designation 63(10) November 2004, 48-50(3)
520 ## - SUMMARY, ETC.
Summary, etc. Examines the impact on house builders of the government drive to raise the sustainability standards on new housing and whether the house purchaser is prepared to pay a premium for advanced eco-friendly features in new housing. Refers to BRE's voluntary construction benchmark EcoHomes and its "Sustainability checklist for developers".
590 ## - LOCAL NOTE (RLIN)
Local note ABS
650 ## - SUBJECT ADDED ENTRY--TOPICAL TERM
Topical term or geographic name entry element CARBON EMISSIONS
650 ## - SUBJECT ADDED ENTRY--TOPICAL TERM
Topical term or geographic name entry element ECOHOMES
650 ## - SUBJECT ADDED ENTRY--TOPICAL TERM
Topical term or geographic name entry element CONSTRUCTION BENCHMARKS
650 ## - SUBJECT ADDED ENTRY--TOPICAL TERM
Topical term or geographic name entry element ENERGY-EFFICIENCY
650 ## - SUBJECT ADDED ENTRY--TOPICAL TERM
Topical term or geographic name entry element WATER EFFICIENCY
650 ## - SUBJECT ADDED ENTRY--TOPICAL TERM
Topical term or geographic name entry element CODE FOR SUSTAINABLE BUILDINGS
650 ## - SUBJECT ADDED ENTRY--TOPICAL TERM
Topical term or geographic name entry element SUSTAINABLE AND SECURE BUILDINGS ACT 2004
690 ## - LOCAL SUBJECT ADDED ENTRY--TOPICAL TERM (OCLC, RLIN)
Topical term or geographic name as entry element BUILT ENVIRONMENT-SUSTAINABLE CONSTRUCTION
942 ## - ADDED ENTRY ELEMENTS (KOHA)
Suppress in OPAC 0
Holdings
Withdrawn status Lost status Source of classification or shelving scheme Damaged status Not for loan Home library Current library Shelving location Date acquired Total Checkouts Full call number Barcode Date last seen Copy number Price effective from Koha item type
    Dewey Decimal Classification     London London Journal article 15/11/2004   ABS68414 127954-1001 06/08/2019 1 06/08/2019 Journal article